| 000 | 00000nam##2200000za#4500 |
| 001 | 9.574872 |
| 003 | CaOODSP |
| 005 | 20210624184408 |
| 007 | cr ||||||||||| |
| 008 | 150406|2003||||xxc|||||o f|0| 0 eng|d |
| 022 | |a1707-4495 |
| 040 | |aCaOODSP|beng |
| 043 | |an-cn--- |
| 086 | 1 |aFs76-2/2003-002E-PDF |
| 110 | 1 |aCanada. |bDepartment of Fisheries and Oceans. |
| 245 | 10|a2001 state of the ocean : |h[electronic resource]|bphysical oceanographic conditions on the Scotian Shelf, Bay of Fundy and Gulf of Maine |
| 260 | |aSt. John's - Newfoundland and Labrador : |bFisheries and Oceans Canada |cApril 2003. |
| 300 | |a9p.|bfigs., graphs, references |
| 490 | 1 |aEcosystem status report|x1707-4495|v2003/002, Maritimes region |
| 590 | |a12-36-Supp|b2012-08-22 |
| 775 | 08|tÉtat de l'océan en 2001 : |w(CaOODSP)9.604585 |
| 830 | #0|aEcosystem status report,|x1707-4495|v2003/002, Maritimes region|w(CaOODSP)9.506227 |
| 856 | 40|ahttp://publications.gc.ca|qPDF|s430 KB|uhttps://publications.gc.ca/collections/collection_2012/mpo-dfo/Fs76-2-2003-002-eng.pdf|y2003/002, Maritimes region |